IMAGO IMAGO

Bibliographic Details
Main Authors: Coelho, René (Author), Geržová, Jana (Author)
Format: Article
Language:Slovak

MARC

LEADER 00000nab a2200000 a 4500
001 vtls011105360
003 SK-MaSNL
005 20260303143052.0
008 230222|1991 xo |||||||||||||||||slo|
015 |a SNBRB 
035 |a (uuid)bec0a37c-f668-48b0-abb4-3233930aeb44 
035 |a (urnnbn)urn:nbn:sk:snk:ar-a0880v 
035 |a urn:nbn:sk:snk-ab9bnq 
040 |a SNKBUCL  |b slo  |c SNKBUCL  |e AACR2 
041 0 |a slo 
044 |a xo  |c SK 
100 1 |a Coelho, René  |4 aut  |9 1163637 
245 1 0 |a IMAGO IMAGO  |c René Coelho, Jana Geržová 
700 1 |a Geržová, Jana  |4 aut  |9 267256 
773 0 |t Profil súčasného výtvarného umenia  |g Roč. 1, č. 7 (1991), s. 2-3 
954 |a odborná, vedecká literatúra pôvodná (slovenská)  |2 lita 
958 |a OND 
958 |a EUIPO 
958 |a article13 
999 |c 1987821  |d 1989751